000 01017cam a22002531 4500
001 e 48000033
003 DLC
005 20260227111233.0
008 771205s1948 alu s000 0 eng c
010 _ae 48000033
035 _a(OCoLC)3463670
040 _aU. S. Office of Education Library
_cABAU
_dABAU
_dDLC
042 _apremarc
050 0 0 _aL116
_b.B2 1948, no. 3
082 _a371.133
110 1 _aAlabama.
_bDepartment of Education.
245 1 0 _aCertification of Alabama teachers.
_cAuthorized by the State Board of Education.
260 _aMontgomery
_c[1948]
300 _a68 p.
_c23 cm.
490 1 _aIts Bulletin, 1948,
_vno. 3
501 _aWith : Better use of textbooks -- Administration and organization of education in-service in Alabama -- General school laws enacted by the Legislature of Alabama. Montgomery, 1948. Bound together subsequent to publication.
_5DLC
650 0 _aTeachers
_xCertification
_zAlabama.
810 1 _aAlabama.
_bDepartment of Education.
_tBulletin ;
_v1948, no. 3.
999 _c22084
_d22084